| 000 | 00743nam a22002417a 4500 | ||
|---|---|---|---|
| 999 |
_c14258 _d14258 |
||
| 003 | MIRAKIL | ||
| 005 | 20201201171038.0 | ||
| 008 | 201201b tu ||||| |||| 00| 0 tur d | ||
| 020 | _a9754580642 | ||
| 040 |
_aTR-AnCHP _btur _cTR-AnCHP |
||
| 082 |
_a923.156 _bA64a 1995 |
||
| 100 | _aArıburnu, Kemal | ||
| 245 |
_aAtatürk ve çevresindekiler/ _cKemal Arıburnu. |
||
| 250 | _a2. bs. | ||
| 260 |
_aAnkara: _bTürkiye iş bankası kültür yayınları, _c1995. |
||
| 300 |
_a184 S.: _c19 sm. |
||
| 490 |
_aAtatürk dizisi; _v31. |
||
| 490 |
_aTürkiye İş Bankası Kültür yayınları; _v336. |
||
| 504 | _aKaynakça vardır. | ||
| 600 |
_aAtatürk, Mustafa Kemal _d1881-1938 _xYaşam öyküsü |
||
| 942 |
_2ddc _cBKS |
||
| 999 | _d14258 | ||